जिद जीतने की / (Record no. 120684)

MARC details
000 -LEADER
fixed length control field 01234nam a22002897a 4500
003 - CONTROL NUMBER IDENTIFIER
control field dpl
005 - DATE AND TIME OF LATEST TRANSACTION
control field 20200201150149.0
008 - FIXED-LENGTH DATA ELEMENTS--GENERAL INFORMATION
fixed length control field 200201b ||||| |||| 00| 0 eng d
010 ## - LIBRARY OF CONGRESS CONTROL NUMBER
LC control number B-138046
020 ## - INTERNATIONAL STANDARD BOOK NUMBER
Terms of availability 200.00
International Standard Book Number 8181431421
035 ## - SYSTEM CONTROL NUMBER
System control number B-138046
037 ## - SOURCE OF ACQUISITION
Source of stock number/acquisition Cen Lib/Ret
040 ## - CATALOGING SOURCE
Original cataloging agency DPL
Language of cataloging HN
Transcribing agency DBAD/PUB
082 ## - DEWEY DECIMAL CLASSIFICATION NUMBER
Classification number 080
Item number भट्टम
100 ## - MAIN ENTRY--PERSONAL NAME
Personal name भट्ट, महेश
9 (RLIN) 91938
245 ## - TITLE STATEMENT
Title जिद जीतने की /
Statement of responsibility, etc महेश भट्ट; अनुवादक अजय ब्रह्मात्मज
246 ## - VARYING FORM OF TITLE
Title proper/short title Zid jeetne ki /
Remainder of title by Mahesh Bhatt; anuvadak Ajay Brahmatmaj
260 ## - PUBLICATION, DISTRIBUTION, ETC. (IMPRINT)
Place of publication, distribution, etc नई दिल्ली
Name of publisher, distributor, etc वाणी प्रकाशन
Date of publication, distribution, etc 2004
270 ## - ADDRESS
Address 21ए दरियागंज
City नई दिल्ली
Postal code 110002
300 ## - PHYSICAL DESCRIPTION
Extent 160पृ.
Dimensions 21सेमी (सजिल्द)
650 ## - SUBJECT ADDED ENTRY--TOPICAL TERM
Topical term or geographic name as entry element चलचित्र उद्योग - भारत।
9 (RLIN) 91939
650 ## - SUBJECT ADDED ENTRY--TOPICAL TERM
Topical term or geographic name as entry element चलचित्र उद्योग
9 (RLIN) 239
650 ## - SUBJECT ADDED ENTRY--TOPICAL TERM
Topical term or geographic name as entry element Motion picture industry -- India.
9 (RLIN) 23816
650 ## - SUBJECT ADDED ENTRY--TOPICAL TERM
Topical term or geographic name as entry element Motion picture industry
9 (RLIN) 23817
700 ## - ADDED ENTRY--PERSONAL NAME
Personal name ब्रह्मात्मज, अजय
9 (RLIN) 48753
942 ## - ADDED ENTRY ELEMENTS (KOHA)
Source of classification or shelving scheme Dewey Decimal Classification
Koha item type Hindi Books
Classification part 080
Call number suffix भट्टम
Holdings
Withdrawn status Lost status Damaged status Not for loan Home library Current library Date acquired Source of acquisition Cost, normal purchase price Total Checkouts Full call number Barcode Date last seen Date checked out Copy number Cost, replacement price Price effective from Koha item type
        Central Library Central Library 28/09/2015 Cen Lib/Ret 200.00 1 080 भट्टम B-138046 27/12/2017 27/12/2017 1 200.00 28/09/2015 Hindi Books

© Delhi Public Library
Hit Counter
free hit counter